000 00303nam a22001337a 4500
008 171012b xxu||||| |||| 00| 0 eng d
020 _a0865317356
041 _aeng
080 _a316
100 _a50
101 _aSOC
245 _aWOMEN THIRD WORLD DEVELOPMENT
_cCHARLTON.E.M
942 _2udc
_cBK
999 _c33374
_d33374